[Event "Veneto CIS Prom 4 55th"]
[Site "Meledo"]
[Date "2024.03.16"]
[Round "3.2"]
[White "Pitacco, Mitja"]
[Black "Conte, Edoardo"]
[Result "1/2-1/2"]
[WhiteElo "1680"]
[BlackElo "1891"]
[PlyCount "47"]
[EventDate "2024.03.15"]
[EventType "team-tourn"]
[EventRounds "5"]
[EventCountry "ITA"]
[SourceTitle "EXT 2025"]
[Source "ChessBase"]
[SourceDate "2024.10.14"]
[SourceVersion "1"]
[SourceVersionDate "2024.10.14"]
[SourceQuality "1"]
[WhiteTeam "Martino Venezze I Roditori ai Giardinetti"]
[BlackTeam "Santa M.di Sala l'Alfiere"]
[WhiteTeamCountry "ITA"]
[BlackTeamCountry "ITA"]

1. c4 c5 2. Nf3 Nc6 3. Nc3 g6 4. g3 Bg7 5. Bg2 e6 6. e3 Nge7 7. d4 cxd4 8. Nxd4 0-0 9. 0-0 Nxd4 10. exd4 d5 11. cxd5 Nxd5 12. Nxd5 exd5 13. Be3 Be6 14. Qd2 Qb6 15. Rac1 Rfc8 16. h3 Qd8 17. Rxc8 Rxc8 18. Rc1 Rxc1+ 19. Qxc1 Qd7 20. Qc3 h5 21. h4 b6 22. b3 Kf8 23. Qd2 Ke8 24. Bf1 1/2-1/2

[Event "Veneto CIS Prom 4 55th"]
[Site "Meledo"]
[Date "2024.03.15"]
[Round "1.2"]
[White "Montorfano, Carlo"]
[Black "Conte, Edoardo"]
[Result "0-1"]
[WhiteElo "1758"]
[BlackElo "1891"]
[PlyCount "130"]
[EventDate "2024.03.15"]
[EventType "team-tourn"]
[EventRounds "5"]
[EventCountry "ITA"]
[SourceTitle "EXT 2025"]
[Source "ChessBase"]
[SourceDate "2024.10.14"]
[SourceVersion "1"]
[SourceVersionDate "2024.10.14"]
[SourceQuality "1"]
[WhiteTeam "Meledo Scacchi Berici II"]
[BlackTeam "Santa M.di Sala l'Alfiere"]
[WhiteTeamCountry "ITA"]
[BlackTeamCountry "ITA"]

1. d4 Nf6 2. Nf3 g6 3. Bf4 Bg7 4. c3 0-0 5. h3 d6 6. e3 Nc6 7. Be2 Nd7 8. 0-0 e5 9. Bg3 Nb6 10. Nbd2 Re8 11. Bh4 Bf6 12. Bxf6 Qxf6 13. Ne4 Qg7 14. Ng3 e4 15. Nd2 f5 16. Re1 Be6 17. a3 Ne7 18. Rc1 Rac8 19. c4 c5 20. d5 Bd7 21. Qc2 h5 22. Qc3 Qxc3 23. Rxc3 Rb8 24. b3 Kg7 25. Kh2 Ng8 26. Rcc1 Nf6 27. Bd1 Bc8 28. Ne2 Nbd7 29. Nc3 Ne5 30. Be2 Bd7 31. f4 exf3 32. Nxf3 a6 33. a4 Re7 34. Nxe5 Rxe5 35. Bd3 Rbe8 36. Nd1 f4 37. e4 Nxe4 38. Rf1 Nd2 39. Rxf4 Nxb3 40. Rb1 Na5 41. Rb6 Bf5 42. Bxf5 Rxf5 43. Rxf5 gxf5 44. Rxd6 Nxc4 45. Rd7+ Kf6 46. Rxb7 Re1 47. Nc3 Re3 48. Nb1 Rd3 49. Rd7 Rb3 50. Rc7 Rxb1 51. Rxc5 Ne5 52. Ra5 Rb6 53. Kg3 Nd3 54. Kh4 Kg6 55. Kg3 Rd6 56. Kf3 Ne5+ 57. Kf4 Nd7 58. g4 fxg4 59. hxg4 h4 60. g5 h3 61. Kg3 Kxg5 62. Kxh3 Kf4 63. Kg2 Ke4 64. Kf2 Kd4 65. Ke2 Kc4 0-1

[Event "Mogliano Veneto op-A 43th"]
[Site "Mogliano Veneto"]
[Date "2023.04.24"]
[Round "2"]
[White "Budyi, Danylo"]
[Black "Conte, Edoardo"]
[Result "0-1"]
[WhiteElo "1963"]
[BlackElo "1810"]
[PlyCount "118"]
[EventDate "2023.04.23"]
[EventType "swiss"]
[EventRounds "5"]
[EventCountry "ITA"]
[SourceTitle "EXT 2024"]
[Source "ChessBase"]
[SourceDate "2023.10.10"]
[SourceVersion "1"]
[SourceVersionDate "2023.10.10"]
[SourceQuality "1"]

1. b4 e5 2. Bb2 Bxb4 3. Bxe5 Nf6 4. Nf3 0-0 5. a3 Ba5 6. e3 d6 7. Bb2 c5 8. Be2 Nc6 9. 0-0 d5 10. c4 d4 11. exd4 cxd4 12. d3 Qb6 13. Qc2 Re8 14. Rc1 Bg4 15. h3 Bh5 16. g4 Bg6 17. Bf1 Rad8 18. Nbd2 Qc7 19. Nb3 Qf4 20. Bg2 Bc7 21. Re1 Ne5 22. Nxe5 Bxe5 23. Bc1 Qh2+ 24. Kf1 h5 25. g5 Nd7 26. Qe2 Bc7 27. Qxe8+ Rxe8 28. Rxe8+ Kh7 29. Re4 Bxe4 30. dxe4 Qe5 31. Bb2 Bb6 32. Rd1 Qxg5 33. Bxd4 Bxd4 34. Rxd4 Ne5 35. c5 Qf4 36. Rd5 g6 37. Nd2 Nc6 38. Ke2 Qc7 39. Nb3 Na5 40. Rd3 Nxb3 41. Rxb3 Qa5 42. e5 Qxc5 43. Rxb7 Qxe5+ 44. Kf1 Qa1+ 45. Ke2 Qa2+ 46. Ke1 a5 47. Re7 Qa1+ 48. Ke2 Qb2+ 49. Ke1 Qc1+ 50. Ke2 Qg5 51. Rxf7+ Kg8 52. Ra7 Qxg2 53. Rxa5 Qe4+ 54. Kf1 Qh1+ 55. Ke2 Qxh3 56. Rg5 Qe6+ 57. Kf1 Kg7 58. Rg3 h4 59. Re3 Qg4 0-1

[Event "Mogliano Veneto op-A 43th"]
[Site "Mogliano Veneto"]
[Date "2023.04.24"]
[Round "3"]
[White "Feltrin, Francesco"]
[Black "Conte, Edoardo"]
[Result "1-0"]
[WhiteElo "1876"]
[BlackElo "1810"]
[PlyCount "165"]
[EventDate "2023.04.23"]
[EventType "swiss"]
[EventRounds "5"]
[EventCountry "ITA"]
[SourceTitle "EXT 2024"]
[Source "ChessBase"]
[SourceDate "2023.10.10"]
[SourceVersion "1"]
[SourceVersionDate "2023.10.10"]
[SourceQuality "1"]

1. f4 d5 2. b3 Nf6 3. Nf3 c5 4. e3 Nc6 5. Bb5 a6 6. Bxc6+ bxc6 7. Bb2 e6 8. 0-0 Be7 9. Ne5 Qc7 10. d3 0-0 11. Nd2 a5 12. a4 Ba6 13. Rf3 Ne8 14. Rh3 g6 15. Qe1 Bf6 16. g4 Bxe5 17. Bxe5 Qe7 18. g5 f6 19. gxf6 Nxf6 20. Qh4 Rf7 21. Nf3 Ra7 22. Ng5 Rf8 23. Rd1 Rd7 24. Bc3 d4 25. Bxa5 Nd5 26. Bd2 Qf6 27. e4 Nb4 28. e5 Qe7 29. Bxb4 cxb4 30. Qg4 Rf5 31. Nxh7 Qxh7 32. Rxh7 Rxh7 33. Rd2 Bb7 34. Rg2 Rh6 35. Qf3 Rf7 36. Rg5 Kh7 37. Qg4 Re7 38. h4 c5 39. Kf2 Bd5 40. h5 gxh5 41. Rxh5 Rxh5 42. Qxh5+ Kg8 43. a5 Rg7 44. Qe8+ Kh7 45. Qh5+ Kg8 46. Qh2 Ra7 47. Qg3+ Kf7 48. a6 Rxa6 49. Qg5 Ra2 50. f5 Rxc2+ 51. Ke1 exf5 52. Qf6+ Ke8 53. e6 Bxe6 54. Qxe6+ Kd8 55. Qxf5 Ke7 56. Kd1 Rc3 57. Ke2 Rc2+ 58. Kf3 Kd6 59. Qg6+ Kd5 60. Qg5+ Kd6 61. Ke4 Re2+ 62. Kf3 Re3+ 63. Kf2 Re5 64. Qd8+ Ke6 65. Kf3 Rf5+ 66. Kg4 Re5 67. Qb6+ Kd5 68. Kf4 Re6 69. Qd8+ Rd6 70. Qa8+ Ke6 71. Ke4 Kd7 72. Qa7+ Kc6 73. Qa4+ Kb6 74. Ke5 Rd8 75. Ke6 Rh8 76. Kd5 Rh5+ 77. Kc4 Kc7 78. Qa5+ Kc6 79. Qb5+ Kd6 80. Qb6+ Kd7 81. Qxc5 Rxc5+ 82. Kxc5 Kc7 83. Kxd4 1-0

[Event "Santa Maria di Sala op-A 29th"]
[Site "Santa Maria di Sala"]
[Date "2022.12.10"]
[Round "4"]
[White "Conte, Edoardo"]
[Black "Brunelli, Giovanni1"]
[Result "1-0"]
[WhiteElo "1913"]
[BlackElo "1975"]
[PlyCount "103"]
[EventDate "2022.12.09"]
[EventType "swiss"]
[EventRounds "5"]
[EventCountry "ITA"]
[SourceTitle "EXT 2024"]
[Source "ChessBase"]
[SourceDate "2023.10.10"]
[SourceVersion "1"]
[SourceVersionDate "2023.10.10"]
[SourceQuality "1"]

1. e4 c5 2. Nf3 Nc6 3. d4 cxd4 4. Nxd4 g6 5. c4 Bg7 6. Be3 Nf6 7. Nc3 0-0 8. Be2 Nxd4 9. Bxd4 d6 10. 0-0 Bd7 11. f3 Bc6 12. Rc1 Qa5 13. Be3 Rac8 14. Qe1 a6 15. Nd5 Nxd5 16. Qxa5 Nxe3 17. Rfe1 Bxb2 18. Rb1 Bd4 19. Kh1 e5 20. Bd3 f5 21. exf5 gxf5 22. Qd2 f4 23. Re2 Rf7 24. Rc1 Nf5 25. Bxf5 Rxf5 26. Qd3 Rcf8 27. Rd1 R8f6 28. Red2 Rh5 29. h3 Rg5 30. Qb3 Rfg6 31. Qc2 Be3 32. Rxd6 Rg7 33. c5 h5 34. Rf6 Bd4 35. Qc4+ Kh7 36. Qe6 R5g6 37. Qf5 Kh6 38. Rxg6+ Rxg6 39. Rxd4 exd4 40. Qxf4+ Kh7 41. Qxd4 Rg5 42. Kg1 Rd5 43. Qe4+ Kh6 44. Qe3+ Kg6 45. Kf2 Kf6 46. g4 hxg4 47. hxg4 Re5 48. Qh6+ Ke7 49. Qg7+ Ke6 50. f4 Rxc5 51. f5+ Kd6 52. f6 1-0

[Event "Santa Maria di Sala op-A 29th"]
[Site "Santa Maria di Sala"]
[Date "2022.12.10"]
[Round "2"]
[White "Piccirillo, Edoardo"]
[Black "Conte, Edoardo"]
[Result "1-0"]
[WhiteElo "2132"]
[BlackElo "1913"]
[PlyCount "123"]
[EventDate "2022.12.09"]
[EventType "swiss"]
[EventRounds "5"]
[EventCountry "ITA"]
[SourceTitle "EXT 2024"]
[Source "ChessBase"]
[SourceDate "2023.10.10"]
[SourceVersion "1"]
[SourceVersionDate "2023.10.10"]
[SourceQuality "1"]

1. d4 Nf6 2. Nf3 g6 3. Bf4 Bg7 4. e3 d6 5. h3 0-0 6. Be2 c5 7. c3 cxd4 8. exd4 Qb6 9. Qb3 Qxb3 10. axb3 Nc6 11. b4 Bd7 12. b5 Nd8 13. 0-0 Ne6 14. Bh2 Bh6 15. Re1 Bf4 16. Bf1 Bxh2+ 17. Kxh2 Rfc8 18. c4 Kf8 19. Nc3 a6 20. bxa6 Rxa6 21. Rxa6 bxa6 22. b4 Rb8 23. Rb1 Nc7 24. d5 e6 25. dxe6 Bxe6 26. Nd4 Bd7 27. Bd3 Ne6 28. Nce2 Ne8 29. Nxe6+ fxe6 30. f4 Nc7 31. Nd4 Kf7 32. g4 d5 33. c5 Nb5 34. Nf3 Ke7 35. Ne5 Be8 36. Kg3 Nc3 37. Rb3 Ne4+ 38. Bxe4 dxe4 39. Nc4 Bb5 40. Nd6 Bd3 41. Kf2 Kd7 42. Ke3 Kc6 43. Kd4 a5 44. b5+ Bxb5 45. Nxe4 a4 46. Ra3 Rd8+ 47. Nd6 Rd7 48. Re3 Bf1 49. h4 Ra7 50. Rxe6 Kd7 51. Re1 Bg2 52. Nb5 Rb7 53. Kc4 Bc6 54. Rd1+ Ke7 55. Nd6 Rb2 56. Nc8+ Kf7 57. Rd6 Bb5+ 58. Kc3 Rb3+ 59. Kc2 Rb4 60. Rb6 Rc4+ 61. Kb2 Bd7 62. Nd6+ 1-0

[Event "Veneto-ch qf 79th"]
[Site "Padova"]
[Date "2020.02.22"]
[Round "3.34"]
[White "Conte, Edoardo"]
[Black "Rosina, Graziano"]
[Result "1-0"]
[WhiteElo "1630"]
[BlackElo "1777"]
[PlyCount "35"]
[EventDate "2020.02.21"]
[EventType "swiss"]
[EventRounds "3"]
[EventCountry "ITA"]
[SourceTitle "EXT 2024"]
[Source "ChessBase"]
[SourceDate "2023.10.10"]
[SourceVersion "1"]
[SourceVersionDate "2023.10.10"]
[SourceQuality "1"]

1. e4 e5 2. Nf3 Nf6 3. Nxe5 d6 4. Nf3 Nxe4 5. d4 d5 6. Bd3 Nc6 7. 0-0 Be7 8. c4 Nb4 9. Re1 Bf5 10. cxd5 Qxd5 11. Bxe4 Bxe4 12. Nc3 Bxf3 13. Rxe7+ Kd8 14. gxf3 Qd6 15. Re2 Kd7 16. Ne4 Qg6+ 17. Kh1 Rae8 18. Qa4+ 1-0

[Event "Ottavi Province-ch 79th"]
[Site "Mestre"]
[Date "2019.01.27"]
[Round "5"]
[White "Abisso, Filippo"]
[Black "Conte, Edoardo"]
[Result "1-0"]
[WhiteElo "1440"]
[BlackElo "1247"]
[PlyCount "47"]
[EventDate "2019.01.25"]
[EventType "swiss"]
[EventRounds "5"]
[EventCountry "ITA"]
[SourceTitle "EXT 2022"]
[Source "ChessBase"]
[SourceDate "2021.10.06"]
[SourceVersion "1"]
[SourceVersionDate "2021.10.06"]
[SourceQuality "1"]

1. e4 e5 2. Nf3 Nc6 3. d4 exd4 4. Nxd4 Bc5 5. Be3 Qf6 6. c3 Nge7 7. Bc4 0-0 8. 0-0 Rd8 9. Qh5 Nxd4 10. cxd4 Bb6 11. Bg5 Qg6 12. Qxg6 hxg6 13. Bxe7 Re8 14. Bc5 Bxc5 15. dxc5 Rxe4 16. Nd2 Rd4 17. Rad1 d5 18. cxd6 Bf5 19. Bb3 Rxd6 20. Nc4 Rxd1 21. Rxd1 Re8 22. Ne3 Be4 23. Rd7 c5 24. Bxf7+ 1-0

[Event "Ottavi Province-ch 79th"]
[Site "Mestre"]
[Date "2019.01.27"]
[Round "4"]
[White "Conte, Edoardo"]
[Black "Bozzao, Francesco"]
[Result "0-1"]
[WhiteElo "1247"]
[BlackElo "1847"]
[PlyCount "141"]
[EventDate "2019.01.25"]
[EventType "swiss"]
[EventRounds "5"]
[EventCountry "ITA"]
[SourceTitle "EXT 2022"]
[Source "ChessBase"]
[SourceDate "2021.10.06"]
[SourceVersion "1"]
[SourceVersionDate "2021.10.06"]
[SourceQuality "1"]

1. e4 c5 2. Nf3 d6 3. d4 cxd4 4. Nxd4 Nf6 5. Nc3 a6 6. f3 e6 7. Be3 Be7 8. Qd2 0-0 9. 0-0-0 Nc6 10. g4 e5 11. Nf5 Bxf5 12. gxf5 Qa5 13. Rg1 Kh8 14. Bc4 Qb4 15. Qg2 Ne8 16. Bb3 Na5 17. Nd5 Nxb3+ 18. axb3 Qa5 19. Kb1 Bd8 20. f6 g6 21. Bh6 Rg8 22. Ne7 Bxe7 23. fxe7 Qc7 24. Bf8 Rc8 25. h4 Ng7 26. h5 Ne6 27. hxg6 fxg6 28. Qh2 Nxf8 29. exf8Q Rcxf8 30. Rh1 Rg7 31. Rd3 Kg8 32. Rhd1 Rf6 33. Qd2 Rd7 34. Qg5 Kg7 35. Qxe5 dxe5 36. Rxd7+ Qxd7 37. Rxd7+ Rf7 38. Rd3 h5 39. Kc1 h4 40. Kd2 Kh6 41. Ke3 Kh5 42. Rd2 g5 43. Rh2 g4 44. fxg4+ Kxg4 45. Rg2+ Kh5 46. Rh2 Rf4 47. Rh1 Rg4 48. Rh2 Rg3+ 49. Kf2 Kg4 50. Rh1 h3 51. Rh2 Kf4 52. Rh1 Rf3+ 53. Ke2 Kxe4 54. Rg1 Kf4 55. Rg7 Rg3 56. Rxb7 Rg2+ 57. Kf1 Rxc2 58. Rf7+ Ke3 59. Kg1 Rxb2 60. Ra7 Rxb3 61. Rxa6 e4 62. Rh6 Kd2 63. Rh4 Re3 64. Kh2 Kd3 65. Rh8 Rf3 66. Rd8+ Ke2 67. Ra8 e3 68. Ra2+ Kf1 69. Ra1+ Kf2 70. Rf1+ Kxf1 71. Kh1 0-1